[Event "Oakham YM"]
[Site "Oakham"]
[Date "1992.??.??"]
[Round "9"]
[White "Rublevsky, Sergei"]
[Black "Aleksandrov, Aleksej"]
[Result "1-0"]
[WhiteElo "2505"]
[BlackElo "2460"]
[Annotator "Schussler,H"]
[PlyCount "63"]
[EventDate "1992.03.??"]
[EventType "swiss"]
[EventRounds "9"]
[EventCountry "ENG"]
[SourceTitle "CBM 030"]
[Source "ChessBase"]
[SourceDate "1992.10.01"]
[SourceVersion "1"]
[SourceVersionDate "1992.10.01"]
[SourceQuality "1"]

1. e4 e5 2. Nf3 Nc6 3. Nc3 Nf6 4. d4 exd4 5. Nxd4 Bb4 6. Nxc6 bxc6 7. Bd3 d5 8.
exd5 Qe7+ (8... cxd5 9. O-O O-O 10. Bg5 c6 11. Ne2 (11. Na4 Be6 12. Qf3 Bd6 13.
h3 Re8 14. b3 h6 15. Bh4 Rb8 16. c3 Be7 17. Rfe1 Qa5 {+/=/=. Hector,
J-Cifuentes Parada, R, Haninge 1992. CBM 30 game 249.}) (11. Qf3 Bd6 12. Rae1
Rb8 13. Nd1 h6 14. Bxf6 Qxf6 15. Qxf6 gxf6 16. Re2 Bg4 17. f3 Be6 18. c3 c5 $10
{Zhuravlev,V-Butnoris,A, St. Petersburg 1992. CBM 30 game 915.}) 11... Bg4 (
11... h6 12. Bh4 Bd6 {12. - Bd7?! - Mueller,Ka-Prakash,G, Oakham 1992. CBM 30
game 717.} 13. Nd4 c5 14. Nf5 Bxf5 15. Bxf5 Rb8 16. b3 Be5 17. Rb1 Qd6 18. Bg3
$10 {Lutz,C-Yusupov,A, Munich 1992. CBM 30 game 488.}) 12. c3 Bd6 13. Qc2 h6
14. Bh4 Bd7 $6 15. Bh7+ Kh8 16. Bf5 Bxf5 17. Qxf5 Qc8 $2 {17. - Qd7.} 18. Qxc8
Raxc8 19. Bxf6 gxf6 20. Nd4 $14 {Christiansen,L-Gelfand,B, Munich 1992, CBM 30
game 439.}) 9. Qe2 Qxe2+ (9... Nxd5 10. Qxe7+ Kxe7 11. Bd2 Nxc3 12. a3 $5 Ba5
13. b4 Bxb4 14. axb4 Nd5 15. f4 {15.0-0!?.} g6 16. O-O Be6 17. Rfe1 $14 {
Tseitlin,MD-Akopian,V, Beersheba 1992, CBM 30 game 199. 17.Ra5!?.}) 10. Kxe2
Nxd5 11. Nxd5 (11. Bd2 $6 Rb8 {11. - Nxc3 =} 12. Rhe1 Be6 13. Ne4 Be7 14. b3 h6
$13 {Mueller,Ka-Aleksandrov,G, Oakham 1992, CBM 30 game 713.}) 11... cxd5 12.
Bb5+ Bd7 13. Bxd7+ Kxd7 14. Be3 {+/=/=} Ba5 $6 15. Rac1 Rab8 $6 {15. - Bb6} 16.
b3 $14 Bc3 17. Rhd1 c6 18. Rd3 Bb2 19. Rcd1 Kc8 20. c3 a5 $2 21. Bc5 $1 Re8+
22. Kd2 Rb5 23. Bd4 Rb7 (23... f6 24. Rh3 $1 h6 25. c4 $18) 24. Bxg7 Rbe7 (
24... Rg8 25. Be5 Rxg2 26. Bg3 $18) 25. Kc2 Ba3 26. Bd4 $18 Bd6 27. Re3 Rxe3
28. Bxe3 Bxh2 29. Rh1 Bc7 30. Rxh7 Re7 31. Kd3 Bd8 32. Rh5 1-0

[Event "Sydney Cepacol"]
[Site "Sydney"]
[Date "1991.??.??"]
[Round "8"]
[White "West, Guy"]
[Black "Solomon, Stephen J"]
[Result "0-1"]
[WhiteElo "2445"]
[BlackElo "2420"]
[Annotator "Schussler,H"]
[PlyCount "82"]
[EventDate "1991.01.??"]
[EventType "tourn"]
[EventRounds "9"]
[EventCountry "AUS"]
[EventCategory "9"]
[SourceTitle "CBM 023"]
[Source "ChessBase"]
[SourceDate "1991.08.01"]
[SourceVersion "1"]
[SourceVersionDate "1991.08.01"]
[SourceQuality "1"]

1. e4 e5 2. Nf3 Nc6 3. Nc3 Nf6 4. d4 exd4 5. Nxd4 Bb4 6. Nxc6 bxc6 7. Bd3 d5 8.
exd5 cxd5 9. O-O O-O 10. Bg5 Bxc3 11. bxc3 Qd6 (11... h6 12. Bh4 Re8 13. c4 $14
) 12. Bxf6 Qxf6 13. Qh5 g6 14. Qxd5 Rb8 15. Qd4 $16 Qxd4 16. cxd4 Rd8 17. Rab1
$6 Rb6 18. c3 Be6 19. a4 c5 $14 20. Rxb6 axb6 21. Bb5 cxd4 22. Rd1 Rc8 23. cxd4
Bd5 24. f3 Rc2 25. Re1 Bc6 26. Re5 Kf8 27. h4 Bxb5 28. axb5 Rb2 29. h5 Rb4 30.
Rd5 Ke7 31. Kf2 f6 32. Ke3 Ra4 33. g4 Ra8 34. f4 Ra3+ 35. Ke4 Rb3 36. hxg6 hxg6
37. g5 $4 f5+ {38.Ke5 Re3 mate} 38. Rxf5 gxf5+ 39. Kxf5 Rxb5+ 40. Kg6 Ke6 41.
Kh7 Rf5 0-1

[Event "Gausdal Int"]
[Site "Gausdal"]
[Date "1991.??.??"]
[Round "6"]
[White "Yakovich, Yuri"]
[Black "Ernst, Thomas"]
[Result "1/2-1/2"]
[WhiteElo "2560"]
[BlackElo "2525"]
[Annotator "Schussler,H"]
[PlyCount "108"]
[EventDate "1991.08.??"]
[EventType "swiss"]
[EventRounds "9"]
[EventCountry "NOR"]
[SourceTitle "CBM 025"]
[Source "ChessBase"]
[SourceDate "1991.12.01"]
[SourceVersion "1"]
[SourceVersionDate "1991.12.01"]
[SourceQuality "1"]

1. e4 e5 2. Nf3 Nc6 3. d4 exd4 4. Nxd4 Nf6 5. Nc3 Bb4 6. Nxc6 bxc6 7. Bd3 d5 8.
exd5 cxd5 9. O-O O-O 10. Bg5 Be6 11. Nb5 c5 12. a3 Ba5 13. b4 cxb4 {13. - Bb6 =
} 14. Qe1 $5 (14. axb4 Bxb4 15. Rxa7 $14) 14... bxa3 15. Bxf6 gxf6 16. Qe3 Bb6
17. Qh6 f5 18. Rxa3 Kh8 19. Nd6 Bd4 20. Nxf5 Qf6 21. Qh5 Bc5 22. Ne3 h6 23. Ra5
Rac8 24. Nxd5 Qg5 25. Qxg5 hxg5 26. Nf6 Bd4 27. Ne4 f6 28. Rd1 Bb6 29. Ra4 Rc6
$14 30. h3 Bf5 31. Rb1 Bh7 32. Rb5 Rd8 33. g4 Re6 34. Kg2 Bxe4+ 35. Bxe4 Rd2
36. Rf5 Kg7 37. Bd3 Re5 38. Rf3 Rd1 39. Rc4 Bc5 40. Ra4 Bb6 41. Rc4 Bc5 42. Rf5
Rxf5 43. gxf5 Bb6 44. f4 gxf4 45. Rxf4 Rd2+ 46. Kf3 Rf2+ 47. Ke4 Rxf4+ 48. Kxf4
a5 49. Bb5 Kh6 50. c4 Kh5 51. Ke4 Kh4 52. Kd5 Kxh3 53. c5 Bc7 54. Ke6 Be5
1/2-1/2

[Event "Alekhine Memorial"]
[Site "Moscow"]
[Date "1992.??.??"]
[Round "?"]
[White "Shirov, Alexei"]
[Black "Karpov, Anatoly"]
[Result "1/2-1/2"]
[WhiteElo "2710"]
[BlackElo "2715"]
[Annotator "Shirov,A"]
[PlyCount "107"]
[EventDate "1992.11.??"]
[EventType "tourn"]
[EventRounds "7"]
[EventCountry "RUS"]
[EventCategory "18"]
[SourceTitle "CBM 033"]
[Source "ChessBase"]
[SourceDate "1993.04.01"]
[SourceVersion "1"]
[SourceVersionDate "1993.04.01"]
[SourceQuality "1"]

1. e4 e5 2. Nf3 Nc6 3. Nc3 Nf6 4. d4 exd4 5. Nxd4 Bb4 6. Nxc6 bxc6 7. Bd3 d5 8.
exd5 Qe7+ 9. Qe2 cxd5 (9... Qxe2+ 10. Kxe2 Nxd5 (10... cxd5 11. Nb5 Kd8 12. Rd1
Bb7 (12... Re8+ 13. Kf1 c6 14. Nd4 Bd7 15. c4 Ke7 16. Bg5 h6 17. Bh4 g5 18. Bg3
dxc4 19. Bxc4 Ne4 20. Bd3 Nxg3+ 21. hxg3 Bc5 22. Be4 Bxd4 23. Rxd4 Rac8 24. Rc1
c5 25. Rxd7+ Kxd7 26. Bf5+ Kc6 27. Bxc8 Rxc8 28. Ke2 Rb8 29. b3 Kd5 30. Rd1+
Ke6 31. Rd3 {Mueller,Ka-Bode,W/Hamburg op (5)/1992/1-0/63/}) 13. Bf4 c6 14. a3
Re8+ 15. Kf1 Bf8 16. Nd4 Bc5 17. c3 a5 {Brenke,A-Arkhipov,S/Lippstadt/1992/1/
2-1/2/17/}) 11. Nxd5 (11. Bd2 Rb8 12. Rhe1 Be6 13. Ne4 Be7 14. b3 h6 15. a3 O-O
16. b4 Rfe8 17. Kf1 Rbd8 18. Rab1 Nb6 19. Bf4 Nd5 20. Bd2 Nb6 21. Bf4 Nc4 22.
Nc5 Nxa3 23. Nxe6 fxe6 24. Rb3 Nb5 25. Bc4 Nd4 26. Rb2 Bd6 27. Be3 Be5 28. Ra2
Nb5 29. Bc5 Bc3 30. Rxe6 Rxe6 31. Bxe6+ {Mueller,Ka-Aleksandrov,A/Oakham (7)/
1992/0-1/60/}) (11. Ne4 O-O 12. c4 (12. a3 Be7 13. c4 Nb6 14. Bf4 Re8 15. Kd2
Be6 16. b3 Rad8 17. Kc2 Bd6 18. Bg3 c5 19. Rad1 f5 20. Nc3 a6 21. Rhe1 Kf7 22.
f3 h6 23. Rd2 Nc8 24. Nd5 Rd7 25. Red1 Na7 26. Nf4 g6 27. Bf1 Red8 28. Nxe6
Kxe6 29. Bf2 Nc6 30. Rd5 Ne7 31. Re1+ {Koskinen,H-Zayac,E/Helsinki op (04)/
1992/1/2-1/2/42/}) 12... Re8 13. Kf3 Ba6 14. Rd1 Nb6 15. b3 Bb7 16. a3 Bf8 17.
Kg3 c5 18. f3 Nd7 19. Bc2 Bc6 20. Bf4 Ne5 21. Nc3 Rab8 22. Rab1 h6 23. h4 Bd6
24. h5 Red8 25. Be4 Be8 26. Bd5 Nc6 27. Ne4 Nd4 28. Bxd6 cxd6 29. b4 Ba4 30.
Rd2 Bc2 31. Re1 {Alonso,R-Nunez Vallina,JA/Capablanca mem-C (13)/1992/1-0/41/})
11... cxd5 12. Bb5+ $14 Bd7 13. Bxd7+ Kxd7 14. Rd1 (14. Be3 Ba5 15. Rac1 Rab8
16. b3 Bc3 17. Rhd1 c6 18. Rd3 Bb2 19. Rcd1 Kc8 20. c3 a5 21. Bc5 Re8+ 22. Kd2
Rb5 23. Bd4 Rb7 24. Bxg7 Rbe7 25. Kc2 Ba3 26. Bd4 Bd6 27. Re3 Rxe3 28. Bxe3
Bxh2 29. Rh1 Bc7 30. Rxh7 Re7 31. Kd3 {Rublevsky,S-Aleksandrov,A/Oakham (9)/
1992/1-0 (32)}) 14... Rhe8+ 15. Be3 (15. Kf3 Ke6 16. Be3 Bd6 17. Rd3 c6 18. c4
Be5 19. cxd5+ cxd5 20. Rad1 Red8 21. Re1 f6 22. Ra3 a6 23. Bd4 Kd6 24. Rd1 Ke6
25. Ra5 Rd6 26. Rc5 Rb8 27. b3 Rb4 28. Ke3 Kf5 29. g3 g5 30. f3 h5 31. Bxe5 {
Nadyrhanov,S-Iuldachev,S/Tashkent/1992/1/2-1/2/62/}) 15... Kc6 16. c4 dxc4 17.
Rd4 Ba5 18. Rc1 Rad8 19. Rdxc4+ Kb7 20. Rd1 Rxd1 21. Rh4 h6 22. Rd4 Rf8 23. Re4
Bb6 24. Bd2 Kc6 25. Bc3 f6 26. Re7 Rg8 27. g4 Kd6 28. Re4 Rh8 29. Bb4+ Kd5 30.
Re7 h5 31. h3 {Oll,L-Beliavsky,A/Manila olm/1992/1/2-1/2/62/}) (9... Nxd5 10.
Qxe7+ Kxe7 11. a3 (11. Bd2 Nxc3 12. a3 Ba5 13. b4 Bxb4 14. axb4 Nd5 15. f4 g6
16. O-O Be6 17. Rfe1 Kd7 18. c4 Nb6 19. Bc3 Rhg8 20. Red1 Ke7 21. Be4 Nxc4 22.
Bxc6 Rad8 23. Rdc1 Rd6 24. Bf3 a6 25. Be2 Rb8 26. Be1 Rc6 27. Bf3 Rcb6 28. g4
f5 29. g5 Kd7 30. Be2 Nd6 31. Bxa6 {Tseitlin,MD-Akopian,V/Beersheba (12)/1992/
1/2-1/2/55/}) 11... Bxc3+ 12. bxc3 Be6 13. O-O f6 14. c4 Nb6 15. Be4 Bxc4 16.
Re1 Kf7 17. Bxc6 Rad8 18. Be3 Bd5 19. Bb5 Bc4 20. Bxc4+ Nxc4 21. Bxa7 Rd5 22.
Red1 Rxd1+ 23. Rxd1 Nxa3 24. Rd7+ Kg6 25. h4 h5 26. Bc5 Nxc2 27. Rxc7 Rd8 {
Lautier,J-Karpov,An/Biel (08)/1992/1/2-1/2/28/}) 10. Bd2 (10. O-O Qxe2 11. Nxe2
Be6 12. Bf4 Kd7 13. Nd4 a6 14. Rfd1 Bd6 15. Bxd6 Kxd6 16. c4 c5 17. Nb3 d4 18.
Na5 Rab8 19. Rab1 Rb6 20. a3 Rhb8 21. b3 Nd7 22. f4 f5 23. Re1 Nf6 24. Re5 Ng4
25. Rxc5 Kxc5 26. b4+ Kd6 27. c5+ Kd7 28. cxb6 Rxb6 29. Rc1 Ne3 30. Rc5 Kd6 31.
h3 {Pedersen,St-Waters,M/EU-chJ Sas van Gent (11)/1992/0-1/41/}) (10. Qxe7+
Bxe7 (10... Kxe7 11. Bd2 Bd7 12. O-O-O Rhe8 13. h3 Kf8 $10) 11. Nb5 Kd8 12. Bf4
Bb4+ 13. c3 Re8+ 14. Kd2 Ba5 15. a4 Ne4+ 16. Bxe4 Rxe4 17. Be3 Bb6 18. Bd4 Bxd4
19. Nxd4 c5 20. f3 Re8 21. Nc2 Ba6 22. Rhe1 Kd7 23. Rab1 Re6 24. b4 cxb4 25.
Nxb4 Bc4 26. Nd3 Rxe1 27. Nxe1 Kc6 28. Nc2 Kc7 29. Re1 Rd8 30. g3 g6 31. f4 {
Ruiz,J-Ferrer,R/Aragon-ch/1992/1/2-1/2/38/}) (10. Bb5+ Bd7 11. Bxd7+ Nxd7 $1 (
11... Kxd7 $6 12. Be3 $1 $16 {/\ 0-0}) 12. Qxe7+ Kxe7 13. Bd2 Nf6 $10 (13...
Nb6 $10)) 10... Qxe2+ 11. Kxe2 (11. Nxe2 Bxd2+ 12. Kxd2 Rb8 13. b3 c5 $10)
11... c6 (11... O-O $2 12. Nb5 $1 Re8+ 13. Kd1) (11... Bd7) (11... Rb8) 12. Na4
Bd6 13. Be3 O-O 14. f3 $1 $10 {At this point I thought I had the advantage.
Pawns c6 and d5 are weak, and White must try to use this, since his pieces are
in good positions. But in fact there is no advantage, as Black controls the
centre.} Nd7 15. Kf2 Re8 {/\ 16...Nd7-b6 17.Na4xb6 axb6 18.Be3xb6 Ra8-b8 19.
Bb6-d4 c6-c5!} (15... c5 16. c3 c4 17. Bc2 Bb7 18. b3 $5 $14 {Karpov} (18. b4
$5 $14 {Karpov})) 16. Rhe1 g6 (16... Ne5 $5 17. Bf1 Bf5 18. Rac1 h5) 17. Rad1 (
17. Rac1 Ne5 18. Bf1 h5 19. c4 $2 Ba6 $1) 17... Ne5 18. Bf1 Bf5 19. Rd2 h5 20.
a3 {/\ c2-c4} Bc7 $10 21. b4 $2 (21. g3 f6 $6 22. b4 Nc4 23. Bxc4 dxc4 24. Nc3
$10 (24. Nc5 $10)) 21... Nc4 22. Bxc4 dxc4 23. g3 a5 $1 $17 24. Bb6 (24. Nc3 $2
axb4 25. axb4 Be5 26. Bd4 Rad8 27. Red1 (27. Ne2 $2 c3 $19) 27... Bxc2 $1) (24.
Nc5 $2 axb4 25. axb4 Be5 $1 26. Rde2 (26. Bd4 c3 $19) 26... Bc3 27. Bd2 Bd4+
$19) (24. Nb6 $6 c3 $1 25. Rde2 Ra6 $15 26. Nc4 (26. Bd4 Rxe2+ 27. Rxe2 Be6 $1
28. Nc4 (28. Nc8 axb4 29. axb4 Kh7 $1 30. Bxc3 g5 $1 31. Ne7 Bd6 32. Bf6 Bxb4
33. Bxg5 Kg7 $1 $15) 28... axb4 29. axb4 c5 $3 30. Bxc3 (30. bxc5 $2 Ra4 $19)
30... cxb4) 26... axb4 27. axb4 Be6 28. Bd4 Rb8 $1 29. Ne3 (29. Bxc3 $2 Bxc4
30. Re8+ Kh7 31. Rxb8 Bxb8 32. Re8 Ba7+ $19) 29... Rxb4 30. Bxc3 Rb5 $15) 24...
Rxe1 25. Kxe1 c3 $1 (25... axb4 26. Bxc7 Rxa4 27. axb4 Rxb4 28. Be5 $10) 26.
Re2 Bxb6 27. Nxb6 Ra6 28. bxa5 (28. Nc4 $10 axb4 29. axb4 Be6 (29... Ra1+ 30.
Kf2 Rb1 (30... Rh1 31. Ke3 $1) 31. Re3 $1 Bxc2 32. Rxc3 Ba4 33. Ne5) (29... Ra2
30. Ne3 Be6 (30... Ra1+ 31. Kf2 Be6 32. Re1 Ra4 33. Rb1 Ra2 34. Rc1 Rb2 35. Nd1
Rxb4 36. Nxc3 $10) 31. Nd1 Bc4 32. Re4 Ba6 33. Re8+ Kh7 34. Ra8 $10) 30. Ne5 $1
) 28... Rxa5 29. Nc4 Ra4 (29... Rb5 $5 30. Kf2 $1 $10 (30. Nd6 $2 Rb1+ 31. Kf2
Bxc2 $1 $19) (30. Re3 $2 Rc5 $1 $19 31. Rxc3 Be6)) 30. Nd6 Be6 (30... Bh3 $5
31. Ne4 (31. Kf2 {Karpov} Rxa3 32. g4 $5 hxg4 33. Kg3 f5 34. f4 $1 {/\ Kg3-h4
attacking the black king!}) 31... Rxa3 32. Re3 Ra1+ 33. Ke2 Rh1 34. Rxc3 Rxh2+
35. Nf2 Rg2 (35... Bd7 36. Kf1 h4 37. g4 h3 38. Kg1 Rg2+ 39. Kf1 $10) 36. g4 $1
hxg4 37. fxg4 Bxg4+ 38. Kf1 $10) 31. Re3 Rxa3 32. Ne4 Bf5 33. Ke2 $1 (33. Rxc3
$6 Rxc3 34. Nxc3 Bxc2 $17) 33... Kg7 34. Kd3 g5 $1 (34... Ra4 35. Kxc3 Bxe4 36.
fxe4 Kf6 37. Rf3+ Ke6 38. Kd3 $10) 35. Kd4 g4 36. fxg4 hxg4 37. Nxc3 Bxc2 38.
Re5 $1 {The easiest way to draw. The black pawns are now weak, and White aims
to press them.} Bg6 {A clever trick!} 39. Rc5 (39. Rg5 $4 f5 $19) 39... Ra6 40.
Ke5 Rb6 41. Kf4 Rb4+ 42. Ke3 Rb2 43. Ne2 Rb3+ 44. Nc3 Rb6 45. Kf4 Rb2 46. Kxg4
Rxh2 47. Rxc6 Rf2 48. Kh4 Bf5 49. g4 Be6 50. Kg3 Rd2 51. Ne4 Rd3+ 52. Kf4 Bd5
53. Rc1 Kg6 54. Ke5 1/2-1/2

[Event "New Jersey Futurity"]
[Site "Parsippany"]
[Date "2007.07.10"]
[Round "6"]
[White "Simutowe, Amon"]
[Black "Ippolito, Dean"]
[Result "1-0"]
[WhiteElo "2421"]
[BlackElo "2395"]
[Annotator "Simutowe,A"]
[PlyCount "109"]
[EventDate "2007.07.07"]
[EventType "tourn"]
[EventRounds "9"]
[EventCountry "USA"]
[EventCategory "7"]
[SourceTitle "CBM 119"]
[Source "ChessBase"]
[SourceDate "2007.08.01"]
[SourceVersion "1"]
[SourceVersionDate "2007.08.01"]
[SourceQuality "1"]

1. e4 e5 2. Nf3 Nf6 3. Nc3 {This move is probably not nice to the eyes of a
Petroff player. Probability is in my favor that I was more comfortable than my
opponent in this position... but Ippolito is a very seasoned IM. In his eyes,
3.Nc3 was probably variety or my fear of hackneyed variations in the Petroff...
hence he proceeded with his usual poise.} Nc6 4. d4 exd4 5. Nxd4 Bb4 6. Nxc6
bxc6 7. Bd3 d5 8. exd5 cxd5 9. O-O O-O 10. Bg5 c6 11. Qf3 {Statistics and
probability had not failed me up to this stage. Ippolito had gone into the
first line I predicted when I examined the probabilities of how he would
respond to e4. I avoided} (11. Na4 Be6 12. c3 {or any other variations that
come after 11.Na4 because they have been analyzed extensively.}) 11... Be7 12.
Rae1 Be6 13. Qg3 Rb8 14. b3 $5 {Played partially to invite the next move.
Statistically, a master's eyes would immediately fasten on the b4 square...
the question was whether Ippolito would go for it... the seemingly next move
after} Bb4 {would be Bd2 and that would kill my activity.} 15. Re3 $1 {After
the game, Ippolito commented that this was a very good move.} (15. Qh4 h6 16.
Bxh6 Ne4 {Is winning for Black.} 17. Rxe4 $145 $1 $14) 15... Bxc3 $2 {This is
a very tempting move. I knew that the probability of my opponent missing the
next move was quite significant. The capture on c3, immediately protects the
knight on f6....and even if I make sacrifices... its hard to imagine that a
checkmate is possible without taking the bishop on c3... and by that time it's
reasonable to imagine that Black would have found a solid defence with a piece
up....but wait... Bxh7+!!.} (15... d4 {loses to} 16. Qh4 dxe3 $4 (16... Re8 17.
Ne4 dxe3 18. Nxf6+ gxf6 19. Qxh7+ Kf8 20. Qh8+ Ke7 21. Qxf6+ Kd7 (21... Kf8 $4
22. Bh6+ Kg8 23. Qg7#) 22. Qd4+ {taking the queen on d8.}) 17. Bxf6 Qxf6 18.
Qxh7#) 16. Bxh7+ $3 Kxh7 17. Qh4+ Kg8 (17... Kg6 {loses to} 18. Rg3 Be5 (18...
Bg4 19. f4 Kf5 20. Bxf6 Qxf6 21. Qxg4+ Ke4 22. f5+ Ke5 23. Qf4#) 19. Bxf6+ Bxg3
20. Qg5+ Kh7 21. Qxg7#) 18. Rxc3 $1 {This simple move shows the true effects
of the combination... The knight on f6 is pinned and the rook will take its
time to get to g3.} Qe7 (18... Bf5 19. Rf3 Qd7 20. Bxf6 gxf6 21. Rg3+ Bg6 22.
Rh3 {winning for White.}) 19. Rg3 Qb4 20. Qxb4 Rxb4 21. Bxf6 Rg4 22. Rxg4 Bxg4
23. Bd4 Re8 24. Rc1 {This position is psychologically difficult to play for
Black. Even though Black has significant drawing chances, he hangs between
defeat and a draw almost each move he plays... and the relatively few moves in
which Ippolito lost after this position may be proof that he was disappointed
with his position and had problems finding the type of decision trees he
wanted.} a6 25. f3 Bf5 26. Kf2 {Finally....we reach an ending where White only
needs patience to wrap up...} f6 27. g4 Bg6 28. h4 Kf7 29. h5 Bh7 30. c4 dxc4
31. Rxc4 Bd3 32. Rxc6 Re2+ 33. Kg3 Rxa2 34. h6 (34. Rc7+ Kf8 35. g5 fxg5 36.
Rxg7 {followed by h6, h7 was quicker.}) 34... gxh6 35. Rxf6+ Kg8 36. Rxh6 a5
37. Rb6 Bc2 38. b4 axb4 39. Rxb4 Ra3 40. Rc4 Bd1 41. Rc3 Rxc3 42. Bxc3 Kf7 43.
f4 Ba4 44. f5 Bc2 45. Kf4 Ba4 46. g5 Be8 47. g6+ Kg8 48. Kg5 Ba4 49. f6 Bb3 50.
Bb4 Ba2 51. Kf4 Bb3 52. Ke5 Ba2 53. Kd6 Kf8 54. Kd7+ Kg8 55. Ke7 1-0